| 000 | 00583nam a22001817a 4500 | ||
|---|---|---|---|
| 005 | 20150105103725.0 | ||
| 010 | _aENG-111242 | ||
| 020 |
_a9788125056805 _c280.00 |
||
| 035 | _aEN-94774 | ||
| 037 | _bDBAD/PUB | ||
| 082 | _aS | ||
| 100 | _aBalan, Chandrika | ||
| 245 |
_aArya and other stories / _ctranslated from the original Malayalam by the author Chandrika Balan ; with an introduction by K. Satchidanandan |
||
| 260 |
_aNew Delhi _bOrient Blackswan _c2014 |
||
| 270 |
_a1/24, Asaf Ali Road _bNew Delhi _e110002 |
||
| 300 |
_axvi,128p. _c22cm(pbk) |
||
| 942 |
_2ddc _cEN _mBAL _hS |
||
| 999 |
_c90072 _d90072 |
||